Housekeeping tevékenységek elemzése a Novotel City hotelben

Bibliográfiai részletek
Szerző: Szabó Zita Zsófia
További közreműködők: Bártfai Endre György
Dokumentumtípus: Projektmunka
Kulcsszavak:Accor Hotels
környezetbarát vállalat
statisztikai adatelemzés
SWOT-elemzés
turizmus
Online Access:http://dolgozattar.uni-bge.hu/60157

MARC

LEADER 00000nnm a2200000 i 4500
001 dolg60157
005 20260409150050.0
008 260409suuuu hu o 000 hun d
040 |a BGE Dolgozattár Repozitórium  |b hun 
041 |a hu 
100 1 |a Szabó Zita Zsófia 
245 1 0 |a Housekeeping tevékenységek elemzése a Novotel City hotelben  |c Szabó Zita Zsófia  |h [elektronikus dokumentum] 
516 |a Project_work 
520 3 |a Projektmunkámban a Novotel City hotel Takarítás részlegét elemzem. Betekintést engedek a feladatkörök részletes ismertetésébe, továbbá elemzem maga a hotel gyengeségeit és erősségeit SWOT analízis alapján. Kitérek a fenntarthatóságra, és arra, hogy ez miként nyilvánul meg a mindennapokban. Ezekre javaslatokat teszek. A szervezeti felépítését ismertetem mind az egész hotel, mind a részleg tekintetében. Tapasztalataimat írom le gyakornokként és végül javaslatokat teszek a munkafolyamatok optimalizálása érdekében. Interjúval mélyebb betekintést engedek és nagyobb rálátást nyújtok a részleg működésére. 
695 |a Accor Hotels 
695 |a környezetbarát vállalat 
695 |a statisztikai adatelemzés 
695 |a SWOT-elemzés 
695 |a turizmus 
700 1 |a Bártfai Endre György  |e ths 
856 4 0 |u http://dolgozattar.uni-bge.hu/60157/1/Projektmunka_Szab%C3%B3%20Zita%20Zs%C3%B3fia_.pdf  |z Dokumentum-elérés 
856 4 0 |u http://dolgozattar.uni-bge.hu/60157/2/Szab%C3%B3%20Zita%20Zs%C3%B3fia_Projektmunka_B%C3%ADr%C3%A1lati%20lap_FOSZK_B%C3%A1rtfai%20Endre.pdf  |z Dokumentum-elérés